书目信息 |
| 题名: |
国际共产主义运动历史文献
|
|
| 作者: | 王学东 主编 ;戴隆斌 本卷主编 | |
| 分册: | 第38卷 | |
| 出版信息: | 北京 中央编译出版社 2015.1 |
|
| 页数: | 572页 | |
| 开本: | 23cm | |
| 丛书名: | 中央编译局文库 | |
| 单 册: | ||
| 中图分类: | D165 | |
| 科图分类: | ||
| 主题词: | 国际共产主义运动史--guo ji gong chan zhu yi yun dong shi--史料 | |
| 电子资源: | ||
| ISBN: | 978-7-5117-2494-6 | |
| 000 | 01209nam0 2200301 450 | |
| 001 | 2156758747 | |
| 005 | 20211108155309.92 | |
| 010 | @a978-7-5117-2494-6@b精装@dCNY220.00 | |
| 100 | @a20190112e20192015em y0chiy50 ea | |
| 101 | 0 | @achi |
| 102 | @aCN@b110000 | |
| 105 | @ay z 000yy | |
| 106 | @ar | |
| 200 | 1 | @a国际共产主义运动历史文献@Aguo ji gong chan zhu yi yun dong li shi wen xian@h第38卷@h共产国际第五次代表大会文献@h2@f王学东主编@g戴隆斌本卷主编 |
| 210 | @a北京@c中央编译出版社@d2015.1@h2019.8重印 | |
| 215 | @a572页@d23cm | |
| 225 | 2 | @a中央编译局文库@Azhong yang bian yi ju wen ku |
| 300 | @a国家出版基金项目 国家“十二五”重点图书 | |
| 330 | @a本书收录的文献包括共产国际第五次代表大会第15-29次会议的有关文献。 | |
| 461 | 0 | @12001 @a中央编译局文库 |
| 517 | 1 | @a共产国际第五次代表大会文献@Agong chan guo ji di wu ci dai biao da hui wen xian |
| 601 | 02 | @a共产国际@Agong chan guo ji@x代表会议@j史料 |
| 606 | 0 | @a国际共产主义运动史@Aguo ji gong chan zhu yi yun dong shi@j史料 |
| 690 | @aD165@v5 | |
| 701 | 0 | @a王学东@Awang xue dong@f(1953-)@4主编 |
| 702 | 0 | @a戴隆斌@Adai long bin@f(1962.10-)@4本卷主编 |
| 801 | 0 | @aCN@b百万庄@c20211108 |
| 905 | @b1314088-090@dD165@e22(38)@f4 | |
| 国际共产主义运动历史文献.第38卷.共产国际第五次代表大会文献.2/王学东主编/戴隆斌本卷主编.-北京:中央编译出版社,2015.1(2019.8重印) |
| 572页;23cm.-(中央编译局文库) |
| 国家出版基金项目 国家“十二五”重点图书 |
| ISBN 978-7-5117-2494-6(精装):CNY220.00 |
| 本书收录的文献包括共产国际第五次代表大会第15-29次会议的有关文献。 |
| ● |
| 相关链接 |
|
|
|
|
正题名:国际共产主义运动历史文献
索取号:D165/22(38)
 
预约/预借
| 序号 | 登录号 | 条形码 | 馆藏地/架位号 | 状态 | 备注 |
| 1 | 1314088 | 213140885 | 第一样本阅览室/ [索取号:D165/22(38)] | 在馆 | |
| 2 | 1314089 | 213140894 | 第一借阅区/ [索取号:D165/22(38)] | 在馆 | |
| 3 | 1314090 | 213140901 | 第一借阅区/ [索取号:D165/22(38)] | 在馆 |